| 000 | 01032nam a22002535a 4500 | ||
|---|---|---|---|
| 003 | OSt | ||
| 005 | 20160825141707.0 | ||
| 008 | 160825s2010 u frb 000 0 ara d | ||
| 015 | _a2009/21962 | ||
| 020 | _a9789770317733 | ||
| 040 |
_aEG-ScBUE _bara _cEG-ScBUE |
||
| 043 | _af-ua--- | ||
| 082 | 0 | 4 |
_a346.6204 _bح ي د _222 |
| 100 | 1 |
_aحيدر، مراد محمود، _d1966- _940895 |
|
| 245 | 1 | 0 |
_aملكية الطوابق والشقق : _bأحكامها والآثار المترتبة عليها في الفقه الإسلامي والقانون المدني : دراسة مقارنة / _cمراد محمود حيدر. |
| 260 |
_aالإسكندرية : _bمنشأة المعارف، _c2010. |
||
| 300 |
_a367 ص. ؛ _c24 سم. |
||
| 490 | 0 | _aكتب القانونية | |
| 504 | _aيشتمل على إرجاعات ببليوجرافية. | ||
| 650 | 7 |
_aالملكية العقارية _xقوانين وتشريعات _zمصر _2BUEsh _940901 |
|
| 651 | _2BUEsh | ||
| 653 |
_bLLAAWW _cAugust 2016 |
||
| 942 | _2ddc | ||
| 999 |
_c22242 _d22214 |
||